• 首页
  • 本馆介绍
  • 公告通知
  • 最新文献
  • 馆藏检索
  • 电子资源
  • 读者导购
  • 参考咨询
  • 我的图书馆
  • 登录
  • 详细信息显示
  • 放入我的书架
  • 预约/预借图书
  • 作者相关作品
  • 分类相关作品
  • 丛书相关作品
  • 出版社相关作品

书目信息

  • 表格格式
  • 工作单格式
  • 卡片格式
题名:
中国茶日历
    
 
作者: 吕进 编纂
分册:  
出版信息: 北京   中国劳动社会保障出版社  2018
页数: 1册
开本: 19cm
丛书名:
单 册:
中图分类: P195.2 , TS971.21
科图分类:
主题词: 历书--中国--2019 , 茶文化--中国
电子资源:
ISBN: 978-7-5167-3721-7
000 00697nam0 2200253 450
001 012001002615
005 20140101175601.0
010    @a978-7-5167-3721-7@dCNY108.00
100    @a20190406d2018 em y0chiy50 ea
101 0  @achi
102    @aCN@b110000
105    @aa z 000yy
106    @ar
200 1  @a中国茶日历@Azhong guo cha ri li@e2019
210    @a北京@c中国劳动社会保障出版社@c中国人事出版社@d2018
215    @a1册@c图@d19cm
314    @a版权页题:吕进[等]编纂
606 0  @a历书@y中国@z2019
606 0  @a茶文化@y中国
690    @aP195.2@v5
690    @aTS971.21@v5
701  0 @a吕进@Alü jin@4编纂
801  0 @aCN@b北京卓展@c20191020
905    @b1204077-80@dP195.2@e298@f4
    
    中国茶日历:2019.-北京:中国劳动社会保障出版社:中国人事出版社,2018
    1册:图;19cm
    
    
    ISBN 978-7-5167-3721-7:CNY108.00
    
●
相关链接 在E读中查询图书 在五车中查询图书 在当当中查询图书 在豆瓣中查询图书


正题名:中国茶日历     索取号:P195.2/298         预约/预借

序号 登录号 条形码 馆藏地/架位号 状态 备注
1 1204077   212040771   第二样本阅览室/ [索取号:P195.2/298] 在馆    
2 1204078   212040780   第三借阅区/ [索取号:P195.2/298] 在馆    
3 1204079   212040799   第三借阅区/ [索取号:P195.2/298] 在馆    
4 1204080   212040806   第三借阅区/ [索取号:P195.2/298] 在馆    
唐山师范学院图书馆 欢迎您!
大连网信软件有限公司© 版权所有